00611nam a2200181Ia 4500008004100000020001800041041000800059082001500067100002900082245007200111250001200183260004700195300000900242365000700251650001800258952013600276999001700412251210s2025 xx 000 0 und d a9789393885845 aeng a610.73 SRI aAnbu, T and Loganathan G aExam booster fourth semester basic B.Sc. nursing : According to INC a1st ed. aBangalorebEMMESS medical Publishersc2025 a483p cRS aGeneral books 00104070aCNbCNcRCS4d2025-11-22eVikas publishers and Distributrorsg750.00l0o610.73 SRIpCN6340r2025-12-10w2025-12-10yCR c64633d64633